| 000 | 00372nam a2200133Ia 4500 | ||
|---|---|---|---|
| 008 | 240624s9999 xx 000 0 und d | ||
| 041 | _aeng | ||
| 082 | _a658.301 BEC | ||
| 100 | _aBECKER BRIAN E | ||
| 245 | _aDIFFERENTIATED WORKFORCE TRANSLATING TAL | ||
| 260 |
_c2009 _aNew Delhi _bHarvard Business School Publishing (india) Pvt Ltd |
||
| 300 | _a242 : p. | ||
| 365 | _cRS | ||
| 999 |
_c18255 _d18255 |
||